Podpora IKT v kontexte inovačnej politiky EÚ

Potreba inovatívnych procesov vo firmách v sektore IKT. Analýza inovačnej politiku EÚ podporujúca IKT v poslednom období s ohľadom na identifikované inovačné bariéry. Súčasný stav inovačného prostredia EÚ.

Enregistré dans:
Détails bibliographiques
Auteur principal: Chovanec, Martin
Format: Chapitre de livre
Langue:slovaque
Sujets:
Tags: Ajouter un tag
Pas de tags, Soyez le premier à ajouter un tag!

MARC

LEADER 00000nla$a2200000$$$4500
001 0125737
005 20240521114400.4
041 0 |a slo 
044 |a SK 
245 1 0 |a Podpora IKT v kontexte inovačnej politiky EÚ  |c Martin Chovanec 
520 |a Potreba inovatívnych procesov vo firmách v sektore IKT. Analýza inovačnej politiku EÚ podporujúca IKT v poslednom období s ohľadom na identifikované inovačné bariéry. Súčasný stav inovačného prostredia EÚ. 
610 2 0 |a technológie informačné 
610 2 0 |a technológie komunikačné 
610 2 0 |a inovácia 
610 2 0 |a investície 
610 2 0 |a Európska únia 
100 1 |a Chovanec, Martin